Очистка промышленных газов

Бібліографічні деталі
Автор: Ганз С. Н. Семен Наумович
Інші автори: Кузнецов И. Е. Иван Ефимович
Мова:Російська
Опубліковано: Киев, 1967
Предмети:
Формат: Книга
KOHA link:https://koha.lib.tpu.ru/cgi-bin/koha/opac-detail.pl?biblionumber=95543

MARC

LEADER 00000nam0a2200000 4500
001 95543
005 20231031110200.0
035 |a (RuTPU)RU\TPU\book\102304 
090 |a 95543 
100 |a 20060427d1967 m y0rusy50 ca 
101 0 |a rus 
102 |a UA 
105 |a a z 001zy 
200 1 |a Очистка промышленных газов  |f С. Н. Ганз, И. Е. Кузнецов 
210 |a Киев  |d 1967 
215 |a 76 с.  |c ил. 
320 |a Библиогр.: с. 76. 
610 1 |a промышленные газы 
610 1 |a очистка 
675 |a 66.074  |v 3 
700 1 |a Ганз  |b С. Н.  |g Семен Наумович 
701 1 |a Кузнецов  |b И. Е.  |g Иван Ефимович 
801 1 |a RU  |b 63413507  |c 20060427  |g PSBO 
801 2 |a RU  |b 63413507  |c 20230629  |g PSBO 
942 |c BK